La crisis de la razón
Bewaard in:
| Formaat: | Boek |
|---|---|
| Taal: | Spaans |
| Gepubliceerd in: |
Murcia
Universidad de Murcia
1986
|
| Onderwerpen: | |
| Tags: |
Voeg label toe
Geen labels, Wees de eerste die dit record labelt!
|
MARC
| LEADER | 00000nam a2200000 a 4500 | ||
|---|---|---|---|
| 001 | UCV3423 | ||
| 003 | CL-VaPUC | ||
| 008 | 930713e19860000SP |||||||||||||||||spa|d | ||
| 082 | 0 | 4 | |a 149 |b CRI |2 21 |
| 245 | 1 | 3 | |a La crisis de la razón |
| 300 | |a 202 p | ||
| 942 | |c BK | ||
| 945 | |d 19930713 00:00:00 | ||
| 260 | |a Murcia |b Universidad de Murcia |c 1986 | ||
| 650 | 0 | |a Racionalismo |9 259116 | |
| 650 | 0 | |a Realismo |9 259117 | |
| 583 | |a last modification |c 19930713 00:00:00 |k Rodrigo Vera | ||
| 999 | |c 210651 |d 210649 | ||
| 952 | |0 0 |1 0 |4 0 |6 149_000000000000000_CRI_1986 |7 0 |8 DER_TF |9 187034 |a BIBDER |b BIBDER |d 2019-11-14 |i 2546833 |l 1 |o 149 CRI 1986 |p 2546833 |r 2023-01-25 |s 2020-03-18 |w 2019-11-14 |x Ubicación 4to Piso |y BK |z Estos recursos deben solicitarse con anticipación |k DER | ||